000 00399nam a2200169Ia 4500
008 230524s9999 xx 000 0 und d
020 _a8188458538
082 _a621.38
_bGUP
100 _aJ.B.Gupta
245 2 _aA Course in Power Systems
250 _a10TH
260 _aNEW DELHI
_bKataria
_c2004
300 _aXIX;451+691
500 _aQuantity Number: 2
650 _aElectrical
942 _cBK
999 _c271
_d271